[Event "As CC-ch B"]
[Site "As"]
[Date "2020.02.06"]
[Round "3"]
[White "Petersen, Rune J"]
[Black "Yazdankhah, Siamak"]
[Result "1/2-1/2"]
[WhiteElo "1191"]
[BlackElo "1265"]
[PlyCount "53"]
[EventDate "2020.01.16"]
[EventType "swiss"]
[EventRounds "6"]
[EventCountry "NOR"]
[SourceTitle "EXT 2024"]
[Source "ChessBase"]
[SourceDate "2023.10.10"]
[SourceVersion "1"]
[SourceVersionDate "2023.10.10"]
[SourceQuality "1"]

1. d4 d5 2. Nf3 Bg4 3. e3 a6 4. c4 dxc4 5. Bxc4 b5 6. Be2 e6 7. 0-0 Bd6 8. Nbd2 Nf6 9. Ne5 Bxe2 10. Qxe2 0-0 11. e4 c5 12. Nb3 c4 13. Nc5 Qc7 14. b4 cxb3 15. axb3 Bxc5 16. dxc5 Qxc5 17. b4 Qb6 18. Bb2 Nc6 19. Nxc6 Qxc6 20. Bxf6 gxf6 21. Qg4+ Kh8 22. Qh4 Qc3 23. Rac1 Qxb4 24. Qxf6+ Kg8 25. Qg5+ Kh8 26. Qf6+ Kg8 27. Qg5+ 1/2-1/2

[Event "As Autumn"]
[Site "As"]
[Date "2019.09.26"]
[Round "4"]
[White "Petersen, Rune J"]
[Black "Heien, Aksel"]
[Result "1-0"]
[WhiteElo "1202"]
[BlackElo "1289"]
[PlyCount "133"]
[EventDate "2019.08.29"]
[EventType "swiss"]
[EventRounds "9"]
[EventCountry "NOR"]
[SourceTitle "EXT 2024"]
[Source "ChessBase"]
[SourceDate "2023.10.10"]
[SourceVersion "1"]
[SourceVersionDate "2023.10.10"]
[SourceQuality "1"]

1. d4 d5 2. Nf3 Nf6 3. Nc3 c5 4. e3 e6 5. Be2 Be7 6. Bd2 0-0 7. 0-0 Nbd7 8. b3 Re8 9. Ne5 a6 10. Ng4 Qc7 11. f4 cxd4 12. exd4 Bb4 13. Na4 Bxd2 14. Qxd2 Ne4 15. Qd1 b5 16. Nb2 Qc3 17. Nd3 Bb7 18. Nde5 Nxe5 19. Nxe5 Qe3+ 20. Kh1 Nf2+ 21. Rxf2 Qxf2 22. Qd2 Qh4 23. Nf3 Qe7 24. Ng5 h6 25. Nf3 Rac8 26. Ne5 Qa3 27. Bh5 Rc7 28. Nd3 g6 29. Be2 Kg7 30. Nc5 Qb2 31. Qd1 Ra8 32. g4 b4 33. f5 Bc8 34. h4 exf5 35. Nd3 Qxc2 36. Nxb4 Qe4+ 37. Bf3 Qf4 38. Nxd5 Qg3 39. Nxc7 Qxc7 40. Bxa8 Bb7+ 41. Bxb7 Qxb7+ 42. d5 fxg4 43. Qd4+ Kg8 44. Rf1 Qd7 45. Re1 g3 46. Kg2 f5 47. d6 Qc6+ 48. Kf1 Qh1+ 49. Ke2 Qg2+ 50. Kd3 Qf3+ 51. Re3 Qf1+ 52. Re2 Qb1+ 53. Kc4 Qc1+ 54. Kd5 Qh1+ 55. Ke6 Qc6 56. Qd5 Qxd5+ 57. Kxd5 g2 58. Rxg2 Kf7 59. Rc2 f4 60. d7 f3 61. Rf2 Ke7 62. Kc6 Kd8 63. Rxf3 Ke7 64. Rd3 Kd8 65. Rc3 g5 66. hxg5 hxg5 67. Kd6 1-0

[Event "As Follo CC-chB"]
[Site "As"]
[Date "2019.01.24"]
[Round "3"]
[White "Petersen, Rune J"]
[Black "Simonsen, Steinar"]
[Result "0-1"]
[WhiteElo "1199"]
[BlackElo "1521"]
[PlyCount "64"]
[EventDate "2019.01.10"]
[EventType "swiss"]
[EventRounds "9"]
[EventCountry "NOR"]
[SourceTitle "EXT 2024"]
[Source "ChessBase"]
[SourceDate "2023.10.10"]
[SourceVersion "1"]
[SourceVersionDate "2023.10.10"]
[SourceQuality "1"]

1. d4 d5 2. e3 Nf6 3. Nc3 Nc6 4. Bd2 e5 5. Bb5 exd4 6. Bxc6+ bxc6 7. exd4 Bd6 8. Nf3 Ba6 9. Bg5 0-0 10. Qd2 h6 11. Bxf6 Qxf6 12. 0-0-0 Bf4 13. Na4 Bxd2+ 14. Rxd2 Rfe8 15. Nc5 Bc8 16. Ne5 Rxe5 17. dxe5 Qxe5 18. Nd3 Qf6 19. Re1 Be6 20. Nb4 Bd7 21. Na6 Rc8 22. Re3 Qd6 23. g3 c5 24. f4 Qxa6 25. Ra3 Qf1+ 26. Rd1 Qf2 27. Rd2 Qg1+ 28. Rd1 Qxh2 29. Rxd5 Bg4 30. c4 Re8 31. Rd2 Re1+ 32. Kc2 Bf5+ 0-1

[Event "As CC-ch B"]
[Site "As"]
[Date "2017.04.06"]
[Round "9"]
[White "Sandvik, Sander"]
[Black "Petersen, Rune J"]
[Result "1-0"]
[WhiteElo "1145"]
[BlackElo "875"]
[PlyCount "83"]
[EventDate "2017.01.12"]
[EventType "swiss"]
[EventRounds "9"]
[EventCountry "NOR"]
[SourceTitle "EXT 2024"]
[Source "ChessBase"]
[SourceDate "2023.10.10"]
[SourceVersion "1"]
[SourceVersionDate "2023.10.10"]
[SourceQuality "1"]

1. e4 d6 2. d4 e6 3. f4 Nf6 4. Nc3 d5 5. e5 Ne4 6. Nf3 Bb4 7. Qd3 Bxc3+ 8. bxc3 f5 9. Nd2 Nxd2 10. Bxd2 b6 11. Qg3 0-0 12. c4 Ba6 13. cxd5 Qxd5 14. Bxa6 Nxa6 15. Qd3 Qxg2 16. 0-0-0 Qb7 17. Rhg1 c5 18. d5 Rad8 19. d6 Nb4 20. Bxb4 cxb4 21. Qc4 Rfe8 22. Qxb4 Rd7 23. Qc4 b5 24. Qd3 b4 25. Qc4 a5 26. Rd4 Kf7 27. Qd3 g6 28. h4 a4 29. Qg3 b3 30. Rxa4 b2+ 31. Kb1 Rc8 32. Qg5 Rxc2 33. Qf6+ Kg8 34. Qxe6+ Rf7 35. Kxc2 b1Q+ 36. Rxb1 Qg2+ 37. Kb3 Qg4 38. Kb4 Qxf4+ 39. Ka3 Qe3+ 40. Kb2 Qb6+ 41. Ka1 Qd8 42. Rb7 1-0

[Event "As CC-ch B"]
[Site "As"]
[Date "2017.01.12"]
[Round "1"]
[White "Garmark, Vegard"]
[Black "Petersen, Rune J"]
[Result "1-0"]
[WhiteElo "1217"]
[BlackElo "875"]
[PlyCount "69"]
[EventDate "2017.01.12"]
[EventType "swiss"]
[EventRounds "9"]
[EventCountry "NOR"]
[SourceTitle "EXT 2024"]
[Source "ChessBase"]
[SourceDate "2023.10.10"]
[SourceVersion "1"]
[SourceVersionDate "2023.10.10"]
[SourceQuality "1"]

1. e4 e6 2. Nf3 d6 3. d4 Nc6 4. Bd3 e5 5. dxe5 Nxe5 6. Nxe5 dxe5 7. 0-0 Nf6 8. Bb5+ Bd7 9. Nc3 c6 10. Bc4 Bb4 11. Bd2 Qc7 12. Re1 0-0-0 13. a3 Bxc3 14. bxc3 Be6 15. Bxe6+ fxe6 16. Qe2 Rd7 17. c4 c5 18. Bc3 h5 19. a4 a5 20. Rab1 b6 21. Rb3 Rd6 22. Bxe5 Rhd8 23. Bxd6 Rxd6 24. Rd3 Ng4 25. Rxd6 Qxd6 26. g3 e5 27. h3 Nf6 28. Rd1 Qc6 29. Qd3 Nd7 30. Qd5 Qxa4 31. Qa8+ Nb8 32. Qa7 Nd7 33. Rd6 g5 34. Re6 Nf8 35. Qa8+ 1-0

[Event "AS CC-ch B"]
[Site "As"]
[Date "2016.03.10"]
[Round "7"]
[White "Aalmo, Alexander"]
[Black "Petersen, Rune J"]
[Result "0-1"]
[WhiteElo "1209"]
[BlackElo "860"]
[PlyCount "144"]
[EventDate "2016.01.14"]
[EventType "swiss"]
[EventRounds "9"]
[EventCountry "NOR"]
[SourceTitle "EXT 2024"]
[Source "ChessBase"]
[SourceDate "2023.10.10"]
[SourceVersion "1"]
[SourceVersionDate "2023.10.10"]
[SourceQuality "1"]

1. c4 e5 2. Nc3 Nc6 3. g3 Nf6 4. Bg2 d6 5. e3 Be6 6. Nd5 Be7 7. Ne2 0-0 8. 0-0 a5 9. f4 Nb4 10. Nxb4 axb4 11. Qb3 Bg4 12. Re1 c5 13. Bxb7 Ra7 14. Bg2 Bxe2 15. Rxe2 exf4 16. exf4 Nd7 17. d4 Nb6 18. Qd3 cxd4 19. b3 Bf6 20. Bd2 Re8 21. Be4 g6 22. Bxb4 d5 23. cxd5 Nxd5 24. Bc5 Nc3 25. Ree1 Rxa2 26. Rxa2 Nxa2 27. b4 Nc3 28. Kf2 Nxe4+ 29. Rxe4 Rxe4 30. Qxe4 d3 31. Ke1 d2+ 32. Kd1 Qd7 33. Qa8+ Bd8 34. Qg2 Qa4+ 35. Ke2 d1Q+ 36. Ke3 Qdb3+ 37. Kf2 Qaa2+ 38. Kg1 Qbb1+ 39. Qf1 Qxf1+ 40. Kxf1 Qc4+ 41. Kg2 Qe2+ 42. Kg1 Qe1+ 43. Kg2 Qd2+ 44. Kg1 f5 45. Kh1 g5 46. fxg5 Bxg5 47. Bg1 Be3 48. b5 Bxg1 49. Kxg1 Qe3+ 50. Kg2 f4 51. gxf4 Qxf4 52. b6 Qe4+ 53. Kg3 Qb7 54. h4 Qxb6 55. Kh3 h5 56. Kg3 Qb4 57. Kh3 Qg4+ 58. Kh2 Qxh4+ 59. Kg2 Qg4+ 60. Kh2 h4 61. Kh1 Qf3+ 62. Kh2 Qf2+ 63. Kh1 Qf1+ 64. Kh2 Qd3 65. Kg2 Qg3+ 66. Kh1 Qf3+ 67. Kh2 Qe4 68. Kh3 Kg7 69. Kh2 Qf5 70. Kg2 h3+ 71. Kh2 Qg4 72. Kh1 Qg2# 0-1

[Event "AS CC-ch B"]
[Site "As"]
[Date "2016.01.28"]
[Round "3"]
[White "Bakken, Svein Erik"]
[Black "Petersen, Rune J"]
[Result "1-0"]
[WhiteElo "1346"]
[BlackElo "860"]
[PlyCount "43"]
[EventDate "2016.01.14"]
[EventType "swiss"]
[EventRounds "9"]
[EventCountry "NOR"]
[SourceTitle "EXT 2024"]
[Source "ChessBase"]
[SourceDate "2023.10.10"]
[SourceVersion "1"]
[SourceVersionDate "2023.10.10"]
[SourceQuality "1"]

1. d4 e6 2. c4 Bb4+ 3. Nc3 Bxc3+ 4. bxc3 c6 5. Nf3 Nf6 6. Bg5 d5 7. e3 Nbd7 8. cxd5 cxd5 9. Bd3 Qc7 10. Qc2 e5 11. dxe5 Nxe5 12. Nxe5 Qxe5 13. Bf4 Qe7 14. h3 Nh5 15. Bh2 Nf6 16. 0-0 Ne4 17. c4 Bxh3 18. Bxe4 dxe4 19. gxh3 0-0 20. Rfd1 Qg5+ 21. Bg3 Rad8 22. Qxe4 1-0

[Event "AS CC-ch B"]
[Site "As"]
[Date "2016.01.21"]
[Round "2"]
[White "Petersen, Rune J"]
[Black "Samset, Jon"]
[Result "1-0"]
[WhiteElo "860"]
[BlackElo "1093"]
[PlyCount "77"]
[EventDate "2016.01.14"]
[EventType "swiss"]
[EventRounds "9"]
[EventCountry "NOR"]
[SourceTitle "EXT 2024"]
[Source "ChessBase"]
[SourceDate "2023.10.10"]
[SourceVersion "1"]
[SourceVersionDate "2023.10.10"]
[SourceQuality "1"]

1. d4 g6 2. Nf3 d6 3. Nc3 Bg7 4. e3 Nf6 5. Bd2 0-0 6. Bd3 Nc6 7. 0-0 Bg4 8. Be2 Qd7 9. Ne1 e5 10. d5 Ne7 11. f3 Bh3 12. gxh3 Qxh3 13. e4 Nh5 14. Rf2 f5 15. Bf1 Qh4 16. Ng2 Qf6 17. Bd3 f4 18. Nb5 c5 19. Nc7 Rad8 20. Ne6 Rf7 21. c4 Bh6 22. b4 a6 23. a4 Ra8 24. bxc5 dxc5 25. Nxc5 b6 26. Ne6 g5 27. a5 bxa5 28. Bxa5 Qg6 29. Bc7 Ng7 30. Nxg7 Qxg7 31. d6 Nc6 32. c5 g4 33. Bc4 gxf3 34. Bxf7+ Kxf7 35. Qd5+ Kf6 36. Qxc6 Rg8 37. d7+ Kf7 38. Qd5+ Ke7 39. d8Q+ 1-0

[Event "As Autumn"]
[Site "As"]
[Date "2015.10.29"]
[Round "7"]
[White "Petersen, Rune J"]
[Black "Aalmo, Alexander"]
[Result "0-1"]
[WhiteElo "857"]
[BlackElo "1197"]
[PlyCount "129"]
[EventDate "2015.09.03"]
[EventType "swiss"]
[EventRounds "9"]
[EventCountry "NOR"]
[SourceTitle "EXT 2024"]
[Source "ChessBase"]
[SourceDate "2023.10.10"]
[SourceVersion "1"]
[SourceVersionDate "2023.10.10"]
[SourceQuality "1"]

1. d4 d5 2. Nf3 e6 3. a3 Nf6 4. Nc3 c5 5. e3 Nc6 6. Bb5 a6 7. Bxc6+ bxc6 8. 0-0 Bd6 9. Ne5 Qc7 10. f4 cxd4 11. exd4 c5 12. Be3 0-0 13. Na4 Ne4 14. Nxc5 Nxc5 15. dxc5 Bxe5 16. fxe5 Qxe5 17. Bd4 Qc7 18. Qe2 Bd7 19. a4 a5 20. Rf2 Rae8 21. Bxg7 Kxg7 22. Qg4+ Kh8 23. Qd4+ e5 24. Qxd5 Bc6 25. Qd6 Qxd6 26. cxd6 Rd8 27. Rf6 Rd7 28. b3 Kg7 29. Raf1 Be4 30. R1f2 Bxc2 31. R6f3 Bg6 32. g4 Rxd6 33. h4 Rd1+ 34. Kh2 Rd4 35. Kg3 h5 36. gxh5 Bxh5 37. Rf5 Rd3+ 38. Kh2 Bg6 39. Rxe5 Rxb3 40. Rxa5 Rh8 41. Rf4 Rc8 42. Rf2 Rc4 43. h5 Rh4+ 44. Kg1 Bxh5 45. Rg2+ Bg6 46. Rb5 Ra3 47. a5 Ra1+ 48. Kf2 Ra2+ 49. Kg1 Rxg2+ 50. Kxg2 Ra4 51. Kg3 Kf8 52. Rc5 f5 53. Rc6 Kf7 54. Ra6 Kg7 55. Ra7+ Kh6 56. Ra6 Kg5 57. Ra8 Ra3+ 58. Kf2 Kf4 59. Rg8 Bh5 60. Kf1 Rxa5 61. Rg2 Ra1+ 62. Kf2 Ra2+ 63. Kg1 Rxg2+ 64. Kxg2 Ke3 65. Kg3 0-1

[Event "Follo CC-ch"]
[Site "Follo"]
[Date "2015.04.13"]
[Round "9"]
[White "Aalmo, Alexander"]
[Black "Petersen, Rune J"]
[Result "1-0"]
[WhiteElo "1147"]
[BlackElo "861"]
[PlyCount "80"]
[EventDate "2015.01.15"]
[EventType "swiss"]
[EventRounds "9"]
[EventCountry "NOR"]
[SourceTitle "EXT 2017"]
[Source "ChessBase"]
[SourceDate "2016.10.25"]
[SourceVersion "1"]
[SourceVersionDate "2016.10.25"]
[SourceQuality "1"]

1. d4 e6 2. Nf3 Nf6 3. Bg5 Be7 4. e3 Nc6 5. c4 d5 6. Nc3 Ne4 7. Bxe7 Qxe7 8. Nxe4 dxe4 9. Nd2 Qb4 10. Qc2 f5 11. c5 0-0 12. a3 Qa5 13. b4 Nxb4 14. Qb3 Nd5 15. Bc4 c6 16. Rc1 Qc7 17. 0-0 f4 18. Nxe4 b5 19. cxb6 axb6 20. Bxd5 exd5 21. Qxd5+ cxd5 22. Nf6+ Rxf6 23. Rxc7 fxe3 24. fxe3 Rxf1+ 25. Kxf1 Ba6+ 26. Kf2 Bc4 27. e4 Rxa3 28. e5 b5 29. e6 Kf8 30. Rf7+ Ke8 31. Rxg7 Rd3 32. Rxh7 Rxd4 33. h4 Re4 34. Rh6 b4 35. h5 b3 36. Rh8+ Ke7 37. Rh7+ Kxe6 38. h6 b2 39. Rb7 Re2+ 40. Kf3 Re4 1-0

[Event "Follo CC-ch"]
[Site "Follo"]
[Date "2015.01.15"]
[Round "1"]
[White "Petersen, Rune J"]
[Black "Sandvik, Sander"]
[Result "1-0"]
[WhiteElo "861"]
[BlackElo "860"]
[PlyCount "53"]
[EventDate "2015.01.15"]
[EventType "swiss"]
[EventRounds "9"]
[EventCountry "NOR"]
[SourceTitle "EXT 2017"]
[Source "ChessBase"]
[SourceDate "2016.10.25"]
[SourceVersion "1"]
[SourceVersionDate "2016.10.25"]
[SourceQuality "1"]

1. d4 Nf6 2. Bg5 e6 3. Nf3 d5 4. e3 Be7 5. Bxf6 Bxf6 6. c4 c6 7. cxd5 cxd5 8. Nc3 0-0 9. Be2 a6 10. 0-0 Nd7 11. b4 b5 12. a4 bxa4 13. Nxa4 a5 14. b5 Nb6 15. Nc5 Nd7 16. Qd2 Nxc5 17. dxc5 Bxa1 18. Rxa1 a4 19. b6 Bd7 20. Qb4 Qe7 21. Bb5 Bxb5 22. Qxb5 Qe8 23. c6 a3 24. Ne5 a2 25. Qb4 f6 26. Nd7 Qc8 27. b7 1-0

[Event "Follo op"]
[Site "Follo"]
[Date "2014.09.04"]
[Round "1"]
[White "Petersen, Rune J"]
[Black "Fuglseth, Jan"]
[Result "1-0"]
[WhiteElo "845"]
[BlackElo "1350"]
[PlyCount "73"]
[EventDate "2014.09.04"]
[EventType "swiss"]
[EventRounds "9"]
[EventCountry "NOR"]
[SourceTitle "EXT 2017"]
[Source "ChessBase"]
[SourceDate "2016.10.25"]
[SourceVersion "1"]
[SourceVersionDate "2016.10.25"]
[SourceQuality "1"]

1. d4 Nf6 2. Nf3 e6 3. e3 c5 4. Nc3 d5 5. Bd2 Nc6 6. Be2 cxd4 7. exd4 Qb6 8. Bb5 Bd6 9. 0-0 0-0 10. Bxc6 bxc6 11. Na4 Qc7 12. h3 Ne4 13. Bc3 Bd7 14. Qe1 c5 15. Nxc5 Bxc5 16. dxc5 Bb5 17. Bb4 Rfe8 18. Nd2 Nxd2 19. Qxd2 Bxf1 20. Rxf1 Qc6 21. f4 f6 22. Rf3 Rad8 23. Rg3 Rd7 24. Kh2 e5 25. f5 e4 26. Bc3 Kh8 27. Bd4 Rde7 28. c3 Qd7 29. Qf4 Qa4 30. a3 Qa6 31. b4 Qxa3 32. Qd6 Rf7 33. Qxd5 Rfe7 34. Qc6 e3 35. Bxf6 Rg8 36. Bxe7 Qxc3 37. Qe4 1-0

[Event "As CC-ch B"]
[Site "As"]
[Date "2014.03.27"]
[Round "8"]
[White "Petersen, Rune J"]
[Black "Lange, Christine Julia"]
[Result "1-0"]
[WhiteElo "872"]
[BlackElo "510"]
[PlyCount "27"]
[EventDate "2014.01.16"]
[EventType "swiss"]
[EventRounds "9"]
[EventCountry "NOR"]
[SourceTitle "EXT 2024"]
[Source "ChessBase"]
[SourceDate "2023.10.10"]
[SourceVersion "1"]
[SourceVersionDate "2023.10.10"]
[SourceQuality "1"]

1. d4 d5 2. Nf3 Nf6 3. Bg5 e6 4. e3 Be7 5. Bd3 0-0 6. Nbd2 Nc6 7. Bxf6 Bxf6 8. 0-0 e5 9. Nxe5 Nxe5 10. dxe5 Bxe5 11. Qh5 f6 12. Bxh7+ Kh8 13. Bg6+ Kg8 14. Qh7# 1-0